Central Library OPAC University of Rajshahi

Hakim Md. Yousuf Haroon Bhuiyan and Hamadard- Bangladesh / (Record no. 66686)

MARC details
000 -LEADER
fixed length control field 00700nam a2200229 a 4500
001 - CONTROL NUMBER
control field 66686
003 - CONTROL NUMBER IDENTIFIER
rucl marc code BD-RjUL
005 - DATE AND TIME OF LATEST TRANSACTION
control field 20211209081552.0
008 - FIXED-LENGTH DATA ELEMENTS--GENERAL INFORMATION
fixed length control field 170319s2006 bg a|||| |||| 00| 0 eng d
020 ## - INTERNATIONAL STANDARD BOOK NUMBER
International Standard Book Number 9848526005
035 ## - SYSTEM CONTROL NUMBER
System control number (BD-RjUL)66817
040 ## - CATALOGING SOURCE
Original cataloging agency BD-RjUL
Language of cataloging eng
Transcribing agency BD-RjUL
Modifying agency BD-RjUL
041 ## - LANGUAGE CODE
Language code of text/sound track or separate title eng
082 ## - DEWEY DECIMAL CLASSIFICATION NUMBER
Edition number 23
Classification number 615.53
Author mark and year FAH 2006
100 1# - MAIN ENTRY--PERSONAL NAME
Personal name Farhad, Hakim Shiry
9 (RLIN) 197416
245 01 - TITLE STATEMENT
Title Hakim Md. Yousuf Haroon Bhuiyan and Hamadard- Bangladesh /
Statement of responsibility, etc. Hakim Shiry Farhad ;Sarder Md Asaduzzaman
260 ## - PUBLICATION, DISTRIBUTION, ETC. (IMPRINT)
Place of publication, distribution, etc. Bangladesh :
Name of publisher, distributor, etc. Hamdard Foundation
Date of publication, distribution, etc. 2006
300 ## - PHYSICAL DESCRIPTION
Pagination 80 p. :
Illustrations ill. ;
Size 24 cm.
650 ## - SUBJECT ADDED ENTRY--TOPICAL TERM
Topical term or geographic name as entry element Hamdard.
9 (RLIN) 197417
700 ## - ADDED ENTRY--PERSONAL NAME
Personal name Asaduzzaman, Sarder Md
942 ## - ADDED ENTRY ELEMENTS (KOHA)
Source of classification or shelving scheme Dewey Decimal Classification
Koha item type Books
Holdings
Lost status Source of classification or shelving scheme Damaged status Not for loan Collection code Permanent Location Current Location Shelving location Date acquired Source of acquisition Total Checkouts Full call number Date last seen Copy number Koha item type
  Dewey Decimal Classification   Not For Loan Non-fiction Central Library, University of Rajshahi Central Library, University of Rajshahi Reading Room 15/06/2008 Dhaka, Hamdard Foundation Bangladesh   615.53 FAH 2006 19/03/2017 C-1 Books